Most Powerful Star Wars Characters - Statistics

General Stats
  • This quiz has been taken 56 times
  • The average score is 16 of 25
Answer Stats
Rank Hint Answer % Correct
7. The Chosen One Anakin Skywalker
93%
6. The Sith responsible for the fall of the Jedi Darth Sidious
91%
8. The one who took down the Empire Luke Skywalker
89%
9. Wisest Jedi of his era Yoda
84%
10. Inventor of Vapaad Mace Windu
80%
14. The Master of Defense Obi-Wan Kenobi
80%
15. Jedi killing cyborg General Grievous
77%
19. Scavenger turned Jedi Rey
77%
22. Jedi Master with a tall head Ki Adi Mundi
73%
17. Best aquatic fighter in the Jedi Order Kit Fisto
68%
20. Immature leader of the First Order Kylo Ren
68%
2. Incarnation of the Force itself The Father
68%
16. Man literally too angry to die Maul
66%
13. Jedi Master who learned electric judgement Plo Koon
66%
3. Incarnation of the dark side The Son
66%
23. Apprentice of the chosen one Ahsoka Tano
64%
11. Fallen Jedi Count Dooku
64%
4. Incarnation of the light side The Daughter
64%
24. Sith Assassin from Dathomir Asajj Ventress
57%
12. Faulty Clone of #6 Snoke
57%
5. The one in the middle Bendu
43%
18. Alderaanian Jedi diplomat Leia Organa
36%
25. Jedi Temple Battlemaster Cin Drallig
25%
21. Best pilot in the Jedi Order Saesee Tiin
16%
1. Avatars of the living force Force Priestesses
14%
No matching quizzes found
Score Distribution
Percent of People with Each Score
Percentile by Number Answered
Your Score History
You have not taken this quiz